Vista normal
Vista MARC
Entrada Materia (personas)
Número de registros utilizados en: 5
001 - CONTROL NUMBER
- control field: 102988
003 - CONTROL NUMBER IDENTIFIER
- control field: Co-BoUCM
005 - DATE AND TIME OF LATEST TRANSACTION
- control field: 20210409080727.0
008 - FIXED-LENGTH DATA ELEMENTS
- fixed length control field: 210409|| aca||aabn | a|a d
040 ## - CATALOGING SOURCE
- Original cataloging agency: Co-BoUCM
- Transcribing agency: Co-BoUCM
100 ## - HEADING--PERSONAL NAME
- Personal name: Galvis Gaitán, Fernando Augusto
- Dates associated with a name: 1938-
670 ## - SOURCE DATA FOUND
- Source citation: Work cat.: (Co-BoUCM)17293: Galvis Gaitán, Fernando Augusto 1938-, El municipio Colombiano, 1991